00727nab a2200229 uc450000100070000000500170000700800410002403500110006503500210007604000130009704100080011010000490011824500540016765000290022165000390025065000300028965000390031965000230035877300870038194200100046899900190047880919020240201185809.0030506s1992 spa  a809190 a(OCoLC)820025244 ccomduadb aspa10aGarriga i Miralles, Manuel4auteaut937037510aSistemas de telemedida de contadores de agua (II) aContadores de agua98993 7aAbastecimiento de agua2lemb92468 aGestión del agua934438 aSaneamiento en construcción9244 aTelecontrol9306660 tTecnología del Agua (España)gVol. 12, No. 104, Dic., p. 57-61w8029120278461 cARIMP c285488d285488